| 000 | 00834nam a2200265Ia 4500 | ||
|---|---|---|---|
| 999 |
_c49460 _d49460 |
||
| 001 | 16384 | ||
| 003 | GE_BSU | ||
| 005 | 20230928155140.0 | ||
| 008 | 181216s2008fe xx |||||||||||||| ||fre|| | ||
| 020 | _a9782011555182 | ||
| 040 | _cGE_BSU | ||
| 080 | _a811.133.1A-44 | ||
| 100 |
_aDollez,Caterine _919950 |
||
| 245 |
_aAlter Ego. 4 Guide Pedagogique : _bMethode de frangais B2 / _cCaterine Dollez, Ivana Vasilievic, Annie Berthet, Judith Humery |
||
| 264 |
_aParis : _bHaohette, _c2008. |
||
| 300 |
_a190 p .: _bill, _c29 cm. |
||
| 653 | _aAlter Ego. Methode de Frangais | ||
| 653 | _aGuide Pedagogique | ||
| 653 | _aგრამატიკა, | ||
| 653 | _aფრანგული | ||
| 700 |
_aVasilievic, Ivana _919951 |
||
| 700 |
_a Berthet, Annie _919952 |
||
| 700 |
_aHumery, Judith _919953 |
||
| 942 |
_cBK _2udc |
||